| 000 | 00775cam a2200253 a 4500 | ||
|---|---|---|---|
| 001 | TB11989 | ||
| 003 | IN-BhIIT | ||
| 005 | 20251103175545.0 | ||
| 008 | 940408s1995 nyua b 001 0 eng | ||
| 020 | _a9780471310433 (HB) | ||
| 040 | _aIN-BhIIT | ||
| 041 | _aeng | ||
| 082 | 0 | 0 |
_a620.11233 _bKHA/C |
| 100 | 1 |
_aKhan, Akhtar S. _eAuthor _924948 |
|
| 245 | 1 | 0 |
_aContinuum theory of plasticity / _cby Akhtar S. Khan, Sujian Huang. |
| 260 |
_aNew York : _bWiley, _cc1995. |
||
| 300 |
_ax, 421 p. : _bill. ; _c25 cm. |
||
| 500 | _a"A Wiley-Interscience publication." | ||
| 504 | _aIncludes bibliographical references and index. | ||
| 650 | 0 |
_aPlasticity. _93744 |
|
| 650 | 0 |
_aContinuum mechanics. _926632 |
|
| 700 | 1 |
_aHuang, Sujian. _eJoint author _924949 |
|
| 942 |
_cTB _01 |
||
| 999 |
_c14525 _d14525 |
||